Liczba medali Letnich Igrzysk Olimpijskich 1928 - Statystyki

Ogólne statystyki
  • Ten quiz został rozwiązany 15 razy
  • Średni wynik to 12 z 15
Statystyki odpowiedzi
Medali Złoto Srebro Brąz Reprezentacja % Poprawnych
21 6 10 5 Francja
100%
56 22 18 16 Stany Zjednoczone
100%
20 3 10 7 Wielka Brytania
100%
15 4 4 7 Kanada
93%
31 10 7 14 Niemcy
93%
5 2 2 1 Japonia
87%
19 7 5 7 Włochy
87%
25 7 6 12 Szwecja
80%
9 4 5 0 Węgry
73%
9 3 2 4 Dania
67%
25 8 8 9 Finlandia
67%
19 6 9 4 Holandia
67%
15 7 4 4 Szwajcaria
67%
9 2 5 2 Czechosłowacja
60%
7 3 3 1 Argentyna
47%
Nie znaleziono quizów pasujących do podanych kryteriów
Rozkład punktacji
Procent ludzi z każdym wynikiem
Percentyl według liczby udzielonych odpowiedzi
Twoja historia wyników
Nie rozwiązałeś tego quizu